000 00583nam a2200217Ia 4500
003 OSt
005 20250422123544.0
008 241129s9999||||xx |||||||||||||| ||und||
020 _a9788178245003
040 _aSDCL
_beng
_cSDCL
041 _aeng
_2eng
084 _aV:(G:55).2'P Q5
_qSDCL
100 _aRangarajan, Mahesh
_925955
245 0 _aNature and nation : Essays on environmental history
260 _aRanikhet :
_bPemanent Black,
_c2015.
300 _axiii,346p.
365 _aINR
_b595
650 _aReference
942 _cTEXL
_2CC
_n0
999 _c1232699
_d1232699